Dogs and people /

Bibliographic Details
Main Author: Papashvily, George
Other Authors: Papashvily, Helen Waite
Format: Book
Language:English
Published: Philadelphia : Lippincott, [1954]
Edition:[1st ed.].
Subjects:

MARC

Tag First Indicator Second Indicator Subfields
LEADER 00000cam a2200000 4500
001 in00000043741
005 20151007075003.0
008 750428s1954 paua b 00010 eng u
010 |a  53008937  
035 |a (OCoLC)01301687 
035 |9 AAF2438AM 
040 |c ORL  |d TXA  |d UtOrBLW 
049 |a TXAM  |c 1 [242316]  |c 2 [245373] 
050 0 0 |a SF427  |b .P2 
082 0 |a 636.7 
092 |a 636.7  |b P213d 
100 1 |a Papashvily, George. 
245 1 0 |a Dogs and people /  |c by George and Helen Papashvily. Illustrated by Marguerite Kirmse. 
250 |a [1st ed.]. 
264 1 |a Philadelphia :  |b Lippincott,  |c [1954] 
300 |a 283 pages :  |b illustrations ;  |c 22 cm. 
336 |a text  |b txt  |2 rdacontent 
337 |a unmediated  |b n  |2 rdamedia 
338 |a volume  |b nc  |2 rdacarrier 
500 |a Includes bibliography. 
650 0 |a Dogs. 
700 1 |a Papashvily, Helen Waite. 
999 |a MARS 
999 f f |s 2e98c674-eff8-3637-81e4-999a3907852e  |i c676854c-3a68-3ab1-bc93-9149c4c752bb  |t 0 
952 f f |p ric  |a Texas A&M University  |b Rellis Campus  |c Joint Library Facility  |d Remote Storage  |t 0  |e SF427 .P2  |h Library of Congress classification  |i unmediated -- volume  |m A14801093493 
998 f f |a SF427 .P2  |t 0  |l Remote Storage